Radio trouble shooting guide book Vol.1 / (Record no. 183816)
[ view plain ]
| 000 -LEADER | |
|---|---|
| fixed length control field | 00662 a2200193 4500 |
| 003 - CONTROL NUMBER IDENTIFIER | |
| control field | Nust |
| 005 - DATE AND TIME OF LATEST TRANSACTION | |
| control field | 20221222122837.0 |
| 040 ## - CATALOGING SOURCE | |
| Transcribing agency | Nust |
| 082 ## - DEWEY DECIMAL CLASSIFICATION NUMBER | |
| Classification number | 621.384187,RID |
| 100 ## - MAIN ENTRY--PERSONAL NAME | |
| Personal name | John F Rider |
| 9 (RLIN) | 105310 |
| 245 ## - TITLE STATEMENT | |
| Title | Radio trouble shooting guide book Vol.1 / |
| Statement of responsibility, etc. | John F Rider & J. Richard Johnson |
| 250 ## - EDITION STATEMENT | |
| Edition statement | Vol.1 |
| 260 ## - PUBLICATION, DISTRIBUTION, ETC. | |
| Place of publication, distribution, etc. | New York |
| Name of publisher, distributor, etc. | John F. Rider |
| Date of publication, distribution, etc. | 1954 |
| 300 ## - PHYSICAL DESCRIPTION | |
| Extent | 155 p |
| Other physical details | digars |
| Dimensions | 24 cm |
| 505 ## - FORMATTED CONTENTS NOTE | |
| Formatted contents note | Part.1 Superheterodyne Receivers (Page-3), Part.2 Fundamental Troubleshooting (Page-67), Part.3 Common Symptoms and Remedies (Page-93). |
| 600 ## - SUBJECT ADDED ENTRY--PERSONAL NAME | |
| Personal name | John F.Rider |
| 9 (RLIN) | 105310 |
| 650 ## - SUBJECT ADDED ENTRY--TOPICAL TERM | |
| Topical term or geographic name entry element | Radio trouble shooting guide book |
| 9 (RLIN) | 105654 |
| 942 ## - ADDED ENTRY ELEMENTS (KOHA) | |
| Source of classification or shelving scheme | |
| Koha item type | Book |
| Withdrawn status | Lost status | Source of classification or shelving scheme | Damaged status | Not for loan | Permanent Location | Current Location | Shelving location | Date acquired | Full call number | Barcode | Date last seen | Price effective from | Koha item type | Public note |
|---|---|---|---|---|---|---|---|---|---|---|---|---|---|---|
| Military College of Signals (MCS) | Military College of Signals (MCS) | General Stacks | 12/12/2016 | 621.384187,RID | MCS6617 | 12/08/2016 | 12/12/2016 | Book | Almirah No.39, Shelf No.1 | |||||
| Military College of Signals (MCS) | Military College of Signals (MCS) | General Stacks | 12/12/2016 | 621.384187,RID | MCS6638 | 12/08/2016 | 12/12/2016 | Book | Almirah No.39, Shelf No.1 |
